000 00435nam a2200157Ia 4500
999 _c7017
_d7017
003 GBCCL
005 20241126110617.0
008 180705b ||||| |||| 00| 0 eng d
040 _cGBC
082 _a646
_bBET
245 _aBetter Homes and Gardens Sewing Book:
_bSewing HOW-TO for home and family
260 _c1961.
_aUSA:
_bMeredith Publishing Company,
300 _a320p.
650 _aDressmaking
_vSewing
_912462
942 _2ddc
_cREF